| 000 | 00512nam a2200169Ia 4500 | ||
|---|---|---|---|
| 008 | 240729s9999 xx 000 0 und d | ||
| 022 | _a2673-611X | ||
| 245 | 0 | _aFrontiers in Conservation Science | |
| 260 | _aSwitzerland | ||
| 260 | _bFrontiers Media S.A. | ||
| 650 | _a General. Including nature conservation, geographical distribution | ||
| 650 | _a Natural history (General) | ||
| 650 | _aScience | ||
| 856 | _uhttps://doaj.org/toc/00f804eb7e21489ba9d2c6097f62db86 | ||
| 942 | _2ddc | ||
| 942 | _cDOAJEJ | ||
| 999 |
_c67358 _d67358 |
||
| 945 |
_a1 _bMadushi Gamage _c1 _dMadushi Gamage |
||